|
|
|
|
| LEADER |
00000nab a2200000 a 4500 |
| 001 |
vtls000634028 |
| 003 |
SK-MaSNL |
| 005 |
20260318122048.0 |
| 008 |
201103c1997 xo 0 hun |
| 015 |
|
|
|a SNBRB19rr/mm-uuuuu
|
| 035 |
|
|
|a CL0634167
|
| 040 |
|
|
|a SNKBUCL
|b slo
|c SNKBUCL
|e AACR2
|
| 041 |
0 |
|
|a hun
|
| 044 |
|
|
|a xo
|c SK
|
| 080 |
|
|
|a 943.76"1920"
|2 1981
|
| 080 |
|
|
|a 323.15(437.6=945.11)"1920"
|2 1981
|
| 080 |
|
|
|a 376.7(437=945.11)"1920"
|2 1981
|
| 080 |
|
|
|a 943.7"1920"
|2 1981
|
| 100 |
1 |
|
|a Popély, Gyula,
|d 1945-
|4 aut
|9 85478
|
| 245 |
1 |
3 |
|a Az első tömegmegmozdulások a magyar iskolákért
|b Mióta létezik, iskoláiért küzd a felvidéki magyar kisebbség
|c Gyula Popély
|
| 650 |
0 |
7 |
|a Maďari
|2 snkbucl
|9 18097
|
| 650 |
0 |
7 |
|a školy maďarské
|2 snkbucl
|9 884999
|
| 651 |
|
7 |
|a Slovensko
|2 SNKPHgeo
|9 14231
|
| 655 |
|
7 |
|a články z novín a časopisov
|2 snkbucl
|9 267496
|
| 773 |
0 |
|
|t Szabad újság
|g Roč. 5, č. 33 (1997), s. 5
|
| 850 |
|
|
|a Slovenská národná knižnica v Martine
|a DSG001
|
| 852 |
|
|
|a SNK
|b KIS3GCP
|
| 958 |
|
|
|a HU
|
| 958 |
|
|
|a SK
|
| 958 |
|
|
|a RK
|
| 958 |
|
|
|a RBX
|
| 999 |
|
|
|c 2995339
|d 2997269
|